Дело об увольнении учителя Дерптской гимназии П.П. Соколовского

Доступно только в Электронных читальных залах Найти на картеНа карте
RUSMARC
00004342nmc2a2200000 x 450
0013d867bd3-cca9-477a-b549-321f4018475e
00520170414115836.0
100##$a20140604l18391839k l0rusy0189 ca
1010#$arus
102##$aRU
2001#$aДело об увольнении учителя Дерптской гимназии П.П. Соколовского
$j24 июля - 3 августа 1839 г.
251##$cДело
300##$aДело
300##$aОриг. заголовок дела: Дело по представлению попечителя Дерптского учебного округа о назначении полной пенсии, уволенному от должности старшего учителя при Дерптской гимназии П.П. Соколовскому за 30-летнюю его службу. 24 июля 1839 г. - 3 августа 1839 г
801#0$aRU
$bРГИА
$c20140604
$gRCR
801#1$aRU
$bГлавНИВЦ
$c20140604
$2rusmarc
801#2$aRU
$bПБ им. Б.Н. Ельцина
$c20170414
$gRCR
$2rusmarc
850##$aРГИА
852##$aРГИА
$eФедеральное казенное учреждение "Российский государственный исторический архив" (РГИА)
$j102
937##$hРГИА
$d11168368
$aASBIBLIO_SCAN
462#0$1001fe4edb2a-8658-4269-9710-afcb460e1db3
$12001
$aДела Департамента народного просвещения по Дерптскому учебному округу за 1837-1862 гг.
$1251
$cОпись
$1852
$j57
461#0$1001a74412a3-3cc5-4d21-8f0a-dfe2fbd9e72d
$12001
$aДепартамент народного просвещения Министерства народного просвещения (1803-1917)
$1251
$cФонд
$1852
$j733
215##$a9 л.
$d36,5x26 см
371##$aДокумент не является опубликованным и широко распространяемым
105##$aу###
1222#$ad
5171#$aДело по представлению попечителя Дерптского учебного округа о назначении полной пенсии, уволенному от должности старшего учителя при Дерптской гимназии П.П. Соколовскому за 30-летнюю его службу. 24 июля 1839 г. - 3 августа 1839 г
035##$a3d867bd3-cca9-477a-b549-321f4018475e
856##$uhttp://readingroom.main.prlib.ru/item.aspx?id_node=n96956588&mode=full
Формат отображения